| 000 | 00954nam a22002417a 4500 | ||
|---|---|---|---|
| 999 |
_c20236 _d20236 |
||
| 005 | 20191224042349.0 | ||
| 008 | 180608b205 ck |||||r|||| 00| 0 spa d | ||
| 020 | _a9789587222241 | ||
| 040 |
_aCO-BoIAVH _cCO-BoIAVH |
||
| 041 | _aspa | ||
| 044 | _ack | ||
| 082 | 1 | 4 |
_a303.483 _bM79h |
| 100 | 1 |
_aMontoya Suárez, Omar _eautor |
|
| 245 | 1 | 0 |
_aHacia una resignificación de los conceptos técnica y tecnología: _buna reflexión crítica desde la política tecnológica : el caso del departamento de Risaralda), hacia la emergencia del sujeto |
| 260 |
_aPereira: _bEditorialUniversidad Tecnología de Pereira, _c2015. |
||
| 300 | _a175 páginas, | ||
| 650 | 1 | 4 | _aDesarrollo científico y tecnológico |
| 650 | 1 | 4 | _aPolítica científica |
| 650 | 1 | 4 | _aPolítica tecnológica |
| 650 | 1 | 4 | _aInnovaciones tecnológicas |
| 650 | 1 | 4 | _aTecnologías de la información y la comunicación |
| 942 |
_2ddc _cLIBRO |
||